| 000 -ლიდერი |
| ფიქსირებული სიგრძის საკონტროლო ველი |
01717nam a22002537a 4500 |
| 003 - საკონტროლო ნომრის იდენტიფიკატორი |
| საკონტროლო ველი |
Ge_BSU |
| 005 - ბოლო ოპერაციის თარიღი და დრო |
| საკონტროლო ველი |
20240730154730.0 |
| 008 - ფიქსირებული სიგრძის მონაცემთა ელემენტები - ზოგადი ინფორმაცია |
| ფიქსირებული სიგრძის საკონტროლო ველი |
240730s2023 ge ||||| |||| 00| 0 geo d |
| 020 ## - წიგნის საერთაშორისო სტანდარტული ნომერი |
| International Standard Book Number |
9789941336164 |
| 041 ## - ენის კოდი |
| Language code of text/sound track or separate title |
geo |
| 080 ## - უნივერსალური ათობითი კლასიფიკაციის ინდექსი |
| Universal Decimal Classification number |
342.6(479.22) + 328.36(479.22) ხ-20 |
| 100 ## - მთავარი ჩანაწერი - პიროვნების სახელი |
| Personal name |
ხალვაში, ფატი |
| Relator term |
ავტორი. |
| 9 (RLIN) |
23010 |
| 245 ## - ცნობა სათაურის შესახებ |
| Title |
აღმასრულებელი ხელისუფლების საპარლამენტო კონტროლი საქართველოში : |
| Remainder of title |
[მონოგრაფია] / |
| Statement of responsibility, etc |
ფატი ხალვაში ; სამეცნიერო რედაქტორი გენადი იაშვილი ; რედაქტორი შოთა დოღონაძე ; |
| 264 ## - წარმოების, გამოცემის, დისტრიბუციის და სხვა ცნობები |
| გამოცემის, წარმოების, დისტრიბუციის... ადგილი |
თბილისი : |
| გამოცემის, წარმოების, დისტრიბუციის... სახელწოდება |
უნივერსალი, |
| გამოცემის, წარმოების, დისტრიბუციის... თარიღი |
2023. |
| 300 ## - ფიზიკური აღწერა |
| Extent |
248 გვ. ; |
| Other physical details |
20 სმ. |
| 504 ## - BIBLIOGRAPHY, ETC. NOTE |
| Bibliography, etc |
ბიბლიოგრაფია: გვ. 234- 247. |
| 520 ## - SUMMARY, ETC. |
| Summary, etc |
რეზიუმე ინგლისურ ენაზე. |
| 653 ## - INDEX TERM--UNCONTROLLED |
| Uncontrolled term |
აღმასრულებელი ხელისუფლება -- საქართველო. საპარლამენტო კონტროლი მთავრობაზე -- საქართველო |
| 700 ## - ADDED ENTRY--PERSONAL NAME |
| Personal name |
იაშვილი, გენადი |
| Relator term |
სამეცნიერო რედაქტორი |
| 9 (RLIN) |
13272 |
| 700 ## - ADDED ENTRY--PERSONAL NAME |
| Personal name |
დოღონაძე, შოთა |
| Relator term |
რედაქტორი |
| 9 (RLIN) |
23011 |
| 711 ## - ADDED ENTRY--MEETING NAME |
| Meeting name or jurisdiction name as entry element |
საქართველოს ტექნიკური უნივერსიტეტი. |
| 9 (RLIN) |
22883 |
| 773 ## - HOST ITEM ENTRY |
| Title |
ნაჩუქარი |
| 942 ## - ADDED ENTRY ELEMENTS (KOHA) |
| Source of classification or shelving scheme |
|
| Koha item type |
წიგნი |